Nonlinear optics in semiconductors. I /

Since its inception in 1966, the series of numbered volumes known as Semiconductors and Semimetals has distinguished itself through the careful selection of well-known authors, editors, and contributors. The "Willardson and Beer" Series, as it is widely known, has succeeded in publishing n...

Full description

Bibliographic Details
Corporate Author: ScienceDirect (Online service)
Other Authors: Garmire, Elsa M., 1939-, Kost, Alan
Format: eBook
Language:English
Language Notes:English.
Published: San Diego : Academic Press, 1999.
Series:Semiconductors and semimetals ; v. 58.
Subjects:
Online Access:Connect to the full text of this electronic book

MARC

Tag First Indicator Second Indicator Subfields
LEADER 00000cam a2200000 a 4500
001 in00005735513
005 20260326155919.5
006 m o d
007 cr cnu---unuuu
008 081221s1999 caua ob 001 0 eng d
040 |a N$T  |b eng  |e pn  |c N$T  |d N$T  |d OCLCQ  |d IDEBK  |d OCLCQ  |d E7B  |d OPELS  |d OCLCQ  |d OCLCA  |d OCLCF  |d YDXCP  |d OCLCE  |d EBLCP  |d OCLCQ  |d DEBSZ  |d OCLCQ  |d D6H  |d NLE  |d UKMGB  |d LEAUB  |d OCLCQ  |d VLY  |d S2H  |d OCLCO  |d INARC  |d OCLCO  |d OCLCQ  |d OCLCO  |d OCLCL 
015 |a GB9879433  |2 bnb 
015 |a GBB6H2178  |2 bnb 
016 7 |a 017549141  |2 Uk 
019 |a 300787965  |a 606304806  |a 646756914  |a 747174480  |a 808732826  |a 906429610  |a 1162221965  |a 1302139171  |a 1303144463 
020 |a 9780080864563  |q (electronic bk.) 
020 |a 0080864562  |q (electronic bk.) 
020 |a 0127521674  |q (electronic bk.) 
020 |a 9780127521671  |q (electronic bk.) 
020 |a 9786611715625 
020 |a 6611715622 
035 |a (OCoLC)289097601  |z (OCoLC)300787965  |z (OCoLC)606304806  |z (OCoLC)646756914  |z (OCoLC)747174480  |z (OCoLC)808732826  |z (OCoLC)906429610  |z (OCoLC)1162221965  |z (OCoLC)1302139171  |z (OCoLC)1303144463 
037 |a 9780080864563  |b Ingram Content Group 
050 4 |a QC610.9  |b .S48eb vol. 58, 1 
072 7 |a SCI  |x 053000  |2 bisacsh 
082 0 4 |a 535/.2  |2 22 
049 |a TXAM 
245 0 0 |a Nonlinear optics in semiconductors.  |n I /  |c volume editors, Elsa Garmire, Alan Kost. 
260 |a San Diego :  |b Academic Press,  |c 1999. 
300 |a 1 online resource (xv, 426 pages) :  |b illustrations 
336 |a text  |b txt  |2 rdacontent 
337 |a computer  |b c  |2 rdamedia 
338 |a online resource  |b cr  |2 rdacarrier 
490 1 |a Semiconductors and semimetals ;  |v v. 58 
504 |a Includes bibliographical references and index. 
588 0 |a Print version record. 
520 |a Since its inception in 1966, the series of numbered volumes known as Semiconductors and Semimetals has distinguished itself through the careful selection of well-known authors, editors, and contributors. The "Willardson and Beer" Series, as it is widely known, has succeeded in publishing numerous landmark volumes and chapters. Not only did many of these volumes make an impact at the time of their publication, but they continue to be well-cited years after their original release. Recently, Professor Eicke R. Weber of the University of California at Berkeley joined as a co-editor of the series. Professor Weber, a well-known expert in the field of semiconductor materials, will further contribute to continuing the series' tradition of publishing timely, highly relevant, and long-impacting volumes. Some of the recent volumes, such as Hydrogen in Semiconductors, Imperfections in III/V Materials, Epitaxial Microstructures, High-Speed Heterostructure Devices, Oxygen in Silicon, and others promise that this tradition will be maintained and even expanded. Reflecting the truly interdisciplinary nature of the field that the series covers, the volumes in Semiconductors and Semimetals have been and will continue to be of great interest to physicists, chemists, materials scientists, and device engineers in modern industry 
505 0 |a Front Cover; Nonlinear Optics in Semiconductors I; Copyright Page; Contents; Preface; List of Contributors; Chapter 1. Resonant Optical Nonlinearities in Semiconductors; I. Introduction; II. Survey of Nonlinear Optical Mechanisms; III. Modeling And Measuring Optical Nonlinearity; IV. Resonant Optical Nonlinearity in GaAs Quantum Wells; V. Summary of Band-Filling Nonlinearities; VI. Figure of Merit; VII. Optical Nonlinearity From Free Carrier Absorption and Refraction; VIII. Optothermal Optical Nonlinearities; IX. All-Optical Switching; X. Summary and Conclusions. 
505 8 |a List of Abbreviations and AcronymsReferences; Chapter 2. Optical Nonlinearities in Semiconductors Enhanced by Carrier Transport; List of Acronyms; I. Introduction; II. Experimental Results on Optical Nonlinearities Influenced by Carrier Transport; III. Field Dependence of The Optical Properties of Semiconductors; IV. Experimental Configurations; V. Characteristics of Experimental Devices That Utilize Self-Modulation; References; Chapter 3. Ultrafast Transient Nonlinear Optical Processes in Semiconductors; I. Introduction; II. Near-Band-Gap Excitations; III. Time Scales and Dynamic Trends. 
505 8 |a IV. A Purely Coherent Process Involving Only Virtual Electron-Hole Pairs: The Excitonic Optical Stark EffectV. Fundamentals of Two-particle Correlation Effects Involving Real Electron-Hole Pairs; VI. Applications: Spectroscopy and Dynamics of Electronic States in Heterostructures; VII. Fundamentals of Four-Particle Correlation Effects Involving Real Electron-Hole Pairs; VIII. Dynamics in The Quantum Kinetics Regime; IX. Conclusion; List of Abbreviations and Acronyms; References; Chapter 4. Optical Nonlinearities in The Transparency Region of Bulk Semiconductors; I. Introduction. 
505 8 |a II. BackgroundIII. Theory of Bound-Electronic Nonlinearities: Two-Band Model; IV. Bound-Electronic Optical Nonlinearities in Active Semiconductors; V. Free-Carrier Nonlinearities; VI. Experimental Methods; VII. Applications; VIII. Conclusion; List of Abbreviations and Acronyms; References; Chapter 5. Photorefractivity in Semiconductors; I. Introduction; II. Space-Charge Grating Formation; III. Beam Coupling; II. Four-Wave Mixing; V. Enhanced Wave-Mixing Techniques; VI. Bulk Semiconductors; VII. Multiple Quantum Wells; VIII. Selected Applications; List of Abbreviations and Acronyms; References. 
546 |a English. 
650 0 |a Nonlinear optics. 
650 0 |a Semiconductors  |x Optical properties. 
650 6 |a Optique non linéaire. 
650 6 |a Semi-conducteurs  |x Propriétés optiques. 
650 7 |a SCIENCE  |x Physics  |x Optics & Light.  |2 bisacsh 
650 7 |a Nonlinear optics  |2 fast 
650 7 |a Semiconductors  |x Optical properties  |2 fast 
655 7 |a Electronic books.  |2 local 
700 1 |a Garmire, Elsa M.,  |d 1939-  |1 https://id.oclc.org/worldcat/entity/E39PBJvT338BTfBrg3fbjty8G3 
700 1 |a Kost, Alan. 
710 2 |a ScienceDirect (Online service) 
758 |i has work:  |a Nonlinear optics in semiconductors I (Text)  |1 https://id.oclc.org/worldcat/entity/E39PCGxDpdHGHwBFXyQ7gWXb8d  |4 https://id.oclc.org/worldcat/ontology/hasWork 
776 0 8 |i Print version:  |t Nonlinear optics in semiconductors. I.  |d San Diego : Academic Press, 1999  |z 0127521674  |z 9780127521671  |w (OCoLC)277634729 
830 0 |a Semiconductors and semimetals ;  |v v. 58. 
856 4 0 |u http://proxy.library.tamu.edu/login?url=https://www.sciencedirect.com/science/bookseries/00808784/58  |z Connect to the full text of this electronic book  |t 0 
955 |a Elsevier ScienceDirect 2026-2027 
994 |a 92  |b TXA 
999 f f |i dfed24e2-413f-4247-b362-7212e0d5613f  |s 603bfb31-c65e-44b0-bef7-a39fbcb74d0a  |t 0 
952 f f |a Texas A&M University  |b College Station  |c Electronic Resources  |s www_evans  |d Available Online  |t 0  |e QC610.9 .S48eb vol. 58, 1  |h Library of Congress classification 
998 f f |a QC610.9 .S48eb vol. 58, 1  |t 0  |l Available Online